Mapa Planisferio [material cartográfico] : mapa físico político escala 1.
Guardado en:
| Autor Corporativo: | |
|---|---|
| Formato: | Mapa |
| Publicado: |
Buenos Aires :
Mc,
s/f.
|
| Series: | Series Educativas
|
| Materias: | |
| Etiquetas: |
Agregar Etiqueta
Sin Etiquetas, Sea el primero en etiquetar este registro!
|
| LEADER | 01073nem a22001935a 4500 | ||
|---|---|---|---|
| 001 | CEM.cems018633 | ||
| 008 | 130507b2018##############a#####1#######d | ||
| 005 | 20230823121137.0 | ||
| 245 | 1 | 0 | |a Mapa Planisferio [material cartográfico] : |b mapa físico político escala 1. |
| 260 | |a Buenos Aires : |b Mc, |c s/f. | ||
| 300 | |a 1 mapa : col. | ||
| 490 | 0 | |a Series Educativas | |
| 505 | 0 | |a La presente publicación se ajusta a la cartografía establecida por el Poder Ejecutivo Nacional a través del IGM - ley 22.963 - y fue aprobada por Expediente Nº GG9 2649/5. Contenido: Plegamientos y fracturas terrestres -- Mayores alturas de cada continente -- Mayores fosas oceánicas por océano -- Porcentaje de superficie de cada continente -- Porcentaje de superficie de cada océano -- Depresiones continentales -- Zonas sísmicas y volcánicas. | |
| 110 | 2 | |a Argentina. Instituto Cartográfico Militar. | |
| 082 | 0 | 4 | |a 912 |
| 653 | |a Planisferio-mapa | ||
| 653 | |a Planisferio-mapa físico político | ||
| 653 | |a Mapas | ||
| 859 | |a CEMS |b BIB. CEMS - Agricultura |h 912 |i Ar37-1 |p A3111.18 |t Ej.1 |3 MAPA | ||
